Thực trạng việc đi làm thêm của sinh viên đại học Thủ Dầu Một
Cơ quan chủ trì: Đại học Thủ Dầu Một; Đề tài nghiên cứu cơ sở lý luận về việc làm thêm của sinh viên và vấn đề làm thêm của sinh viên trường đại học Thủ Dầu Một. Nêu lên thực trạng việc làm thêm đối với sinh viên trường đại học Thủ...
Salvato in:
| Autore principale: | |
|---|---|
| Altri autori: | |
| Natura: | Libro |
| Lingua: | Undetermined |
| Pubblicazione: |
Bình Dương
2015
|
| Soggetti: | |
| Accesso online: | http://lrc.tdmu.edu.vn/opac/search/detail.asp?aID=2&ID=26113 |
| Tags: |
Aggiungi Tag
Nessun Tag, puoi essere il primo ad aggiungerne! !
|
| Thư viện lưu trữ: | Trung tâm Học liệu Trường Đại học Thủ Dầu Một |
|---|
| LEADER | 01356nam a2200205Ia 4500 | ||
|---|---|---|---|
| 001 | TDMU_26113 | ||
| 008 | 210410s9999 xx 000 0 und d | ||
| 082 | |a 378.3 | ||
| 090 | |b NG527 | ||
| 100 | |a Nguyễn, Minh Hiếu | ||
| 245 | 0 | |a Thực trạng việc đi làm thêm của sinh viên đại học Thủ Dầu Một | |
| 245 | 0 | |c Nguyễn Minh Hiếu; TS. Nguyễn Đức Thành (hướng dẫn) | |
| 260 | |a Bình Dương | ||
| 260 | |c 2015 | ||
| 300 | |a 63tr. | ||
| 520 | |a Cơ quan chủ trì: Đại học Thủ Dầu Một; Đề tài nghiên cứu cơ sở lý luận về việc làm thêm của sinh viên và vấn đề làm thêm của sinh viên trường đại học Thủ Dầu Một. Nêu lên thực trạng việc làm thêm đối với sinh viên trường đại học Thủ Dầu Một. Đề xuất một số giải pháp trong việc quản lý việc làm thêm của sinh viên trường đại học Thủ Dầu Một | ||
| 650 | |a Báo cáo khoa học; Việc làm thêm |x Sinh viên |z ĐH Thủ Dầu Một | ||
| 700 | |a Nguyễn Đức Thành | ||
| 856 | |u http://lrc.tdmu.edu.vn/opac/search/detail.asp?aID=2&ID=26113 | ||
| 980 | |a Trung tâm Học liệu Trường Đại học Thủ Dầu Một | ||